000 00812nam a2200289 i 4500
001 C2-0331610
003 PPAK
005 20180728131951.0
008 150623s2014 my a|||| ||||| | may d
020 _a9789670411200
040 _aPPAK
_beng
_cPPAK
_erda
082 0 4 _a899.233
_223
090 0 0 _a899.233
_bAIN
_dG
100 0 _aAin Maisarah,
_eauthor
245 1 0 _aHero vs heroin
264 1 _aBatu Caves, Selangor :
_bBlink Book Sdn. Bhd. ,
_c2014
300 _avarious pages :
_bcolour illustrations ;
_c19 cm
336 _2rdacontent
_atext
337 _2rdamedia
_aunmediated
338 _2rdacarrier
_avolume
490 1 _aSiri Nomik Superhero
650 1 0 _aMalay fiction.
700 _eauthor
700 0 _aNurismakiza Ismail,
_eeditor
830 0 _aSiri Nomik Superhero
942 _ddc
_cB
999 _c130324
_d130324